Statistics for AVIATION ACRONYMS #2

Click here to take the quiz!

General Stats

  • This quiz has been taken 282 times
  • The average score is 5 of 15

Answer Stats

HintAnswer% Correct
IFRINSTRUMENT FLIGHT RULES
81%
ILSINSTRUMENT LANDING SYSTEM
79%
IASINDICATED AIR SPEED
71%
LLZLOCALIZER
59%
KIASKNOTS INDICATED AIR SPEED
47%
LNAVLATERAL NAVIGATION
45%
IMCINSTRUMENT METEOROLOGICAL CONDITIONS
40%
IFEIN-FLIGHT ENTERTAINMENT
31%
ISAINTERNATIONAL STANDARD ATMOSPHERE
26%
INSINERTIAL NAVIGATION SYSTEM
24%
LPVLOCALIZER PERFORMANCE WITH VERTICAL GUIDANCE
5%
IRTINSTRUMENT RATING TEST
4%
LOCLOSS OF CONTROL
4%
MACMID AIR COLLISION
1%
IFINTERMMEDIATE APPROACH FIX
0%

Score Distribution

Percentile by Number Answered

Percent of People with Each Score

Your Score History

You have not taken this quiz